000 00925nas a2200313 4500
001 BR2010005120
003 BR-BrBNA
005 20231205114735.0
007 ta
008 230509b bl.|||p| |||| 00| 00por d
040 _aBR-BrBNA
_bpor
_cBiblioteca Nacional de Agricultura
041 _a(En)
072 _aF01
100 1 _aTazima, Z.H.
100 1 _aNeves, C.S.V.J.
100 1 _aYada, I.F.U.
100 1 _aJúnior, R.P.L.
245 1 _aProdução e qualidade dos frutos de clones de laranjeira-'pera' no norte do Paraná
650 _aLARANJA PERA
650 _aCLONE
650 _aPRODUÇÃO VEGETAL
650 _aVARIEDADE
650 _aPRODUTIVIDADE
650 _aACIDEZ
650 _aANÁLISE QUÍMICA
773 0 _tRevista Brasileira de Fruticultura (Brazil)
_xISSN 0100-2945
_g(Mar 2010), v. 32(1) p. 189-195
_wBR2010005120
909 _a202311
_bLúcia
_c55
_dLúcia Elande
942 _2AGRIS
_n0
_cANA
999 _c210244
_d210244